[Event "Capo di tutti capi"]
[Site "SchemingMind.com"]
[Date "2008.09.30"]
[Round "-"]
[White "Theodoric"]
[Black "thebirdolux"]
[Result "0-1"]
[WhiteCountry "ENG"]
[BlackCountry "USA"]
[WhiteElo "2080"]
[WhiteRD "72"]
[BlackElo "2301"]
[BlackRD "71"]
[GameID "172736"]

1. e4 c5 2. c3 Nf6 3. e5 Nd5 4. d4 cxd4 5. Bc4 Nb6 6. Bb3 d5 7. Nf3 Nc6 8. cxd4 Bg4 9. O-O Bxf3 10. Qxf3 Nxd4
11. Qd3 Nxb3 12. Qxb3 e6 13. Be3 Be7 14. Bd4 O-O 15. Nd2 Rc8 16. Nf3 Bc5 17. Bxc5 Rxc5 18. Rad1 Qc7 19. Rfe1 Rc8 20. Nd4 Nc4
21. f4 Qb6 22. Qxb6 Nxb6 23. g4 Kf8 24. f5 Ke7 25. h4 Nc4 26. b4 R5c7 27. Kf2 Na3 28. g5 Rc4 29. f6+ gxf6 30. gxf6+ Kf8
31. Rg1 Nc2 32. Nf3 Rf4 33. Rc1 Rc3 34. Rg3 b5 35. a3 h6 36. Rcg1 Ke8 37. Rc1 Kd7 38. Rh3 d4 39. Rg3 Kc6 40. Ke2 Kd5
41. Rcg1 Rxa3
0-1

[Event "Capo di tutti capi"]
[Site "SchemingMind.com"]
[Date "2008.09.30"]
[Round "-"]
[White "Theodoric"]
[Black "TRFz"]
[Result "1/2-1/2"]
[WhiteCountry "ENG"]
[BlackCountry "GBR"]
[WhiteElo "2071"]
[WhiteRD "73"]
[BlackElo "2226"]
[BlackRD "68"]
[GameID "172737"]

1. e4 c5 2. c3 d5 3. exd5 Qxd5 4. d4 Nc6 5. Nf3 cxd4 6. cxd4 e5 7. Nc3 Bb4 8. Bd2 Bxc3 9. Bxc3 e4 10. Ne5 Nxe5
11. dxe5 Ne7 12. Qa4+ Bd7 13. Qb4 Qc6 14. Rd1 e3 15. Rd6 exf2+ 16. Kxf2 Qc7 17. Bb5 Bc6 18. Qc5 O-O 19. Rf1 Rac8 20. Bd3 Ng6
21. Kg1 Qe7 22. Bxg6 fxg6 23. Rxf8+ Rxf8=
1/2-1/2

[Event "Capo di tutti capi"]
[Site "SchemingMind.com"]
[Date "2008.09.30"]
[Round "-"]
[White "mikhailtal"]
[Black "Theodoric"]
[Result "0-1"]
[WhiteCountry "ENG"]
[BlackCountry "ENG"]
[WhiteElo "1873"]
[WhiteRD "73"]
[BlackElo "2067"]
[BlackRD "69"]
[GameID "172739"]

1. e4 c5 2. Nf3 d6 3. d4 cxd4 4. Nxd4 Nf6 5. Nc3 a6 6. Be3 e5 7. Nb3 Be7 8. f3 O-O 9. g4 Be6 10. Qd2 Nc6
11. O-O-O Qc7 12. h4 d5 13. Nxd5 Bxd5 14. exd5 Rfd8 15. Qf2 Nxd5 16. Rxd5 Rxd5 17. Bc4 Nb4 18. Qe2 Rd7 19. a3 Nxc2 20. Qxc2 Rc8
21. Bd3 Rxd3
0-1

[Event "Capo di tutti capi"]
[Site "SchemingMind.com"]
[Date "2008.09.29"]
[Round "-"]
[White "riverriver"]
[Black "Theodoric"]
[Result "1-0"]
[WhiteCountry "USA"]
[BlackCountry "ENG"]
[WhiteElo "1950"]
[WhiteRD "69"]
[BlackElo "2071"]
[BlackRD "73"]
[GameID "172740"]

1. e4 c5 2. Nf3 e6 3. d4 cxd4 4. Nxd4 Nf6 5. Nc3 Bb4 6. e5 Nd5 7. Bd2 Nxc3 8. bxc3 Be7 9. Qg4 g6 10. Nb5 Nc6
11. Nd6+ Bxd6 12. exd6 Qa5 13. Qg5 Qxg5 14. Bxg5 a6 15. Bf6 Rg8 16. Be2 b5 17. O-O Bb7 18. a4 bxa4 19. Rfb1 Rb8 20. Rxa4 Bc8
21. Rb3 Ra8 22. Rba3 Rb8 23. Rb3 Ra8 24. Bf3 a5 25. Rc4 a4 26. Rb1 a3 27. Rxc6 a2 28. Ra1 Bb7 29. Rc7 Bxf3 30. gxf3 g5
31. Rxa2 Rb8 32. Rca7
1-0

[Event "Capo di tutti capi"]
[Site "SchemingMind.com"]
[Date "2008.09.26"]
[Round "-"]
[White "BlueMooner"]
[Black "Theodoric"]
[Result "0-1"]
[WhiteCountry "ENG"]
[BlackCountry "ENG"]
[WhiteElo "1848"]
[WhiteRD "73"]
[BlackElo "2080"]
[BlackRD "72"]
[GameID "172741"]

1. e4 c5 2. Nf3 e6 3. d4 cxd4 4. Nxd4 Nf6 5. Nc3 Bb4 6. e5 Nd5 7. Bd2 Bxc3 8. bxc3 O-O 9. Bd3 Nc6 10. Qe2 a6
11. a4 d6 12. f4 Nce7 13. O-O Nf5 14. g4 Nh4
0-1

[Event "Capo di tutti capi"]
[Site "SchemingMind.com"]
[Date "2008.09.30"]
[Round "-"]
[White "egis"]
[Black "Theodoric"]
[Result "1/2-1/2"]
[WhiteCountry "LTU"]
[BlackCountry "ENG"]
[WhiteElo "1979"]
[WhiteRD "70"]
[BlackElo "1993"]
[BlackRD "70"]
[GameID "172742"]

1. e4 c5 2. Nf3 Nc6 3. d4 cxd4 4. Nxd4 Nf6 5. Nc3 d6 6. Be3 e6 7. Be2 Be7 8. O-O O-O 9. b3 Bd7 10. a4 a6
11. Nxc6 Bxc6 12. Bf3 e5 13. Qd3 b6 14. Nd5 Nxd5 15. exd5 Bd7 16. c4 f5 17. Qb1 e4 18. Be2 f4 19. Bd4 f3 20. gxf3 exf3
21. Bd3 Bh4 22. Bxh7+ Kh8 23. Qg6 Qg5+ 24. Qxg5 Bxg5 25. Bc2 Rf4 26. Be3 Rg4+ 27. Kh1 Bxe3 28. fxe3 Rf8 29. Bd1 Re4 30. Bxf3 Rxe3
31. Bg2 Rxf1+ 32. Rxf1 Kg8 33. Rf3 Re1+ 34. Bf1 Bg4 35. Rf4 Bd1 36. b4 Bxa4 37. Kg2 Rb1 38. c5 dxc5 39. bxc5 Bb3 40. Rd4 bxc5
41. Rd2 Rd1 42. Rxd1 Bxd1 43. Bxa6 Kf7 44. Kg3 Bb3=
1/2-1/2

[Event "Capo di tutti capi"]
[Site "SchemingMind.com"]
[Date "2008.09.27"]
[Round "-"]
[White "smothered mate"]
[Black "Theodoric"]
[Result "1/2-1/2"]
[WhiteCountry "POL"]
[BlackCountry "ENG"]
[WhiteElo "1878"]
[WhiteRD "51"]
[BlackElo "2044"]
[BlackRD "72"]
[GameID "172743"]

1. e4 c5 2. c3 Nf6 3. e5 Nd5 4. g3 e6 5. Bg2 d6 6. exd6 Bxd6 7. Nf3 O-O 8. O-O Nd7 9. d4 c4 10. a4 a6
11. Nbd2 Qc7 12. Qe2 e5 13. Nxe5 N7f6 14. Ndxc4 Be7 15. Ne3 Be6 16. f4 Rfd8 17. f5 Nxe3 18. Bxe3 Bd5 19. Bf4 Bxg2 20. Kxg2 Nd5
21. Qc4 Qb6 22. Qa2 Qf6 23. Rae1 Qxf5 24. Bc1 Qe6 25. Kg1 Bf6 26. Nd3 Qc6 27. Qb3 b5 28. a5 Ra7 29. Bf4 Re7 30. Be5 Bg5
31. Nb4 Nxb4 32. Qxb4 Rde8 33. Qb3 Bf6 34. Rf2 Qd7 35. Ref1 Bxe5 36. dxe5 Rd8 37. Re2 Qa7+ 38. Rff2 Qc5 39. e6 Kh8 40. Kf1 Qc6
41. Rxf7 Qh1+ 42. Kf2 Qxh2+ 43. Kf1 Qh1+=
1/2-1/2

[Event "Capo di tutti capi"]
[Site "SchemingMind.com"]
[Date "2008.09.27"]
[Round "-"]
[White "Schaakmaatje"]
[Black "Theodoric"]
[Result "0-1"]
[WhiteCountry "NED"]
[BlackCountry "ENG"]
[WhiteElo "1804"]
[WhiteRD "46"]
[BlackElo "2067"]
[BlackRD "69"]
[GameID "172744"]

1. e4 c5 2. Nf3 d6 3. d4 cxd4 4. Nxd4 Nf6 5. Nc3 a6 6. f4 e6 7. Be2 Be7 8. Be3 O-O 9. O-O Nbd7 10. Qd2 Qc7
11. f5 e5 12. Nb3 b6 13. Bg5 Bb7 14. Bf3 Rfc8 15. Rac1 b5 16. Nd5 Nxd5 17. exd5 Bxg5 18. Qxg5 Nf6 19. c4 bxc4 20. Nd2 Qc5+
21. Kh1 Bxd5 22. Nb3 Qb5 23. Nd2 h6 24. Qh4 Bxf3 25. Nxf3 Qxb2 26. Rxc4 Rxc4 27. Qxc4 Qb7 28. Re1 Rc8 29. Qd3 e4
0-1

[Event "Capo di tutti capi"]
[Site "SchemingMind.com"]
[Date "2008.09.29"]
[Round "-"]
[White "thebirdolux"]
[Black "Theodoric"]
[Result "1-0"]
[WhiteCountry "USA"]
[BlackCountry "ENG"]
[WhiteElo "2261"]
[WhiteRD "73"]
[BlackElo "2067"]
[BlackRD "69"]
[GameID "172745"]

1. e4 c5 2. Nf3 e6 3. d4 cxd4 4. Nxd4 Nf6 5. Nc3 Bb4 6. e5 Bxc3+ 7. bxc3 Nd5 8. Qg4 g6 9. Nb5 Nc6 10. Ba3 f5
11. Nd6+ Kf8 12. Nxb7+ Kg7 13. Nxd8 fxg4 14. Nxc6 dxc6 15. h3 Nxc3 16. hxg4 Rd8 17. Rh3 Nb5 18. Be7 Rd7 19. Bf6+ Kg8 20. Rd1 Rxd1+
21. Kxd1 Nc7 22. Rc3 Bd7 23. Rb3 Nd5 24. g5 Bc8 25. Kd2 a5 26. c4 a4 27. Rb1 Nxf6 28. exf6 e5 29. Rb6 Bf5 30. Ke3 c5
31. Be2 Kf8 32. Rb7 Kg8 33. g4 Bc8 34. Rg7+ Kh8 35. Rc7
1-0

[Event "Capo di tutti capi"]
[Site "SchemingMind.com"]
[Date "2008.09.29"]
[Round "-"]
[White "TRFz"]
[Black "Theodoric"]
[Result "1-0"]
[WhiteCountry "GBR"]
[BlackCountry "ENG"]
[WhiteElo "2250"]
[WhiteRD "68"]
[BlackElo "2044"]
[BlackRD "72"]
[GameID "172746"]

1. e4 c5 2. Nf3 e6 3. d4 cxd4 4. Nxd4 Nf6 5. Nc3 Bb4 6. e5 Nd5 7. Bd2 Nxc3 8. bxc3 Be7 9. Qg4 g6 10. Nb5 Nc6
11. Nd6+ Bxd6 12. exd6 b6 13. Bg5 f6 14. Bh6 f5 15. Qg3 Qf6 16. Bb5 Qe5+ 17. Qxe5 Nxe5 18. Bg7 Nf7 19. Bxh8 Nxh8 20. O-O-O a6
21. Bc4 Bb7 22. f3 Rc8 23. Bxe6 Kd8 24. Bg8 h6 25. Rhe1 Rxc3 26. Re7 Bc6 27. Rde1 Kc8 28. Rh7
1-0

[Event "Capo di tutti capi"]
[Site "SchemingMind.com"]
[Date "2008.09.29"]
[Round "-"]
[White "tyler199"]
[Black "Theodoric"]
[Result "0-1"]
[WhiteCountry "CAN"]
[BlackCountry "ENG"]
[WhiteElo "1633"]
[WhiteRD "53"]
[BlackElo "2030"]
[BlackRD "69"]
[GameID "172747"]

1. e4 c5 2. Nc3 Nc6 3. f4 g6 4. Nf3 Bg7 5. Bc4 d6 6. d3 Bg4 7. h3 Bxf3 8. Qxf3 e6 9. Be3 Nge7 10. O-O-O O-O
0-1